00822nam a22002297a 450000500170000000800410001702000180005804000210007604100080009708200170010524500800012226000580020230000100026065000640027065000130033470000340034770000290038170000280041094200120043899900170045095201250046720240520071648.0240520b |||||||| |||| 00| 0 eng d a9789387494022 aIN-DiNCcIN-DiNC deng a891.451bRES aResonance/ced. by Dharmendra Upadhyaya, Dikshita Bhuyan and Trinayan Dutta aGuwahati:bAssam College Teachers Association,c2018. a372p. aArticles on multidisciplinary themes of Assamese literature aAnuranan aUpadhyaya, DharmendraeEditor aBhuyan, DikshitaeEditor aDutta, TrinayaneEditor 2ddccBK c11830d11830 00102ddc40708ASMaMAINbMAINcGENd2024-05-20g400.00l0o891.451 RESp26252r2024-05-20 07:15:48t1w2024-05-20yBK